| 000 | 00507nmm a2200169Ia 4500 | ||
|---|---|---|---|
| 008 | 251105s9999||||xx |||||||||||||||||und|| | ||
| 020 | _a9788446043577 | ||
| 041 | _aspa | ||
| 100 | _aRoss, Kristin | ||
| 245 | 0 | _aLujo comunal: el imaginario político de la Comuna de París | |
| 264 |
_a[Madrid, España] : _bAkal, _c2017 |
||
| 300 | _a176 páginas | ||
| 490 | _aPensamiento crítico | ||
| 650 | _aPolitical Science (General) | ||
| 856 | _uhttps://public.digitaliapublishing.com/a/50925 | ||
| 942 | _cCF | ||
| 999 |
_c83060 _d83060 |
||